zpět

Detail výsledku týmu

Žumpa Pivnice, Ústí nad Labem

Datum a čas kvízu

17.5 Celkem bodů Celkový počet nahraných bodů na tomto kvízu bez doplňovacích otázek.
6. Pořadí na kvízu Konečné umístění týmu na tomto kvízu.

Zaznamenané odpovědi

# Otázka Odpověď Body Výsledky
1. Veterináři po 20 letech zjisti... 0
2. Anglická motoristická žurnalis... 0
3. Soutěž World Press Photo letos... 1
4. Evropská unie vydala ve středu... 1
5. Minulý týden se začala prodáva... 0
6. Vzpomeňme v tomto tématu na zř... 0
7. Vyberte pravdivé tvrzení o For... 0
8. Jedno z jeho prvních děl bylo... 0
9. „Ježíši Kriste, přechytračil j... 1
10. V roce 1979 natočil Miloš Form... 0